000 00512nam a2200181Ia 4500
005 20250619163649.0
008 008 250516s9999 xx 000 0 eng d
020 _a9789811932243
040 _beng
_cSDCL
041 _aeng
_2eng
084 _aX7.2'P R2
100 _aAlok, V.N.
_9809930
245 0 _aFiscal decentralization in India :
_bAn outcome mapping of state finance commissions
260 _aNew Delhi :
_bPalgrave,
_c2022.
300 _axix, 531p.
650 _aEconomics
942 _cTEXL
_2CC
999 _c1430243
_d1430243